| 000 | 00514pab a2200181 454500 | ||
|---|---|---|---|
| 008 | 180718b1998 xxu||||| |||| 00| 0 eng d | ||
| 100 | _aVenkatachary, K.v. | ||
| 245 | _aUse of space technology for disaster management with special emphasis on rural areas | ||
| 260 | _c1998 | ||
| 300 | _ap.373-89 | ||
| 362 | _aApr-Jun | ||
| 650 | _aRural areas - India | ||
| 650 | _aDisaster prevention - India | ||
| 650 | _aDisasters | ||
| 700 | _aGupta, A.K. | ||
| 773 | _aJournal of Rural Development | ||
| 909 | _a39053 | ||
| 999 |
_c39053 _d39053 |
||